01082nam a2200289Ia 4500001001000000003000500010008004100015010001100056040000900067090001700076100003500093245011600128260001800244300001000262502010200272650003000374650003000404710005700434901001700491902000600508905006300514910000900577942000900586942001200595999001900607952016600626Para_5917CHAP220125s1954 xx 000 0 und d a204378 cCHAP aPA TESIS 214 aMurillo Bravo, Gregorio979748 aPlagas que atacan al fruto del tomate en el Valle del Río Sinaloa y su control /c por Gregorio Murillo Bravo aGuasave, Sin. a30 h. aTesis (Ing. Agr. Esp. en Parasitología Agrícola) ENA. Departamento Parasitología Agrícola aTomate x plagas 9113748 aTomate x Sinaloa9113766 aENA. Departamento Parasitología Agrícola9164684 aPA TESIS 214 aA a0000001954 0000000000 00 a1954 cPARA cPARAd1 c204378d204378 00102local4051708TESISaPAbPAd2005-10-27fPARAi(PA_3267) (No. UACh CONSUMO)l0oPA TESIS 214p4101000289r2022-01-25 00:00:00tEj.1w2022-01-25yTESISz3